| 000 | 01032pam a2200313 a 4500 | ||
|---|---|---|---|
| 001 | 015884586 | ||
| 003 | OSt | ||
| 005 | 20180128103421.0 | ||
| 008 | 110830t2012 at a frbd 001 0 eng d | ||
| 020 | _a9780538481359 | ||
| 020 | _a0538481358 | ||
| 040 |
_aEG-ScBUE _beng _cEG-ScBUE _dEG-ScBUE |
||
| 082 | 0 | 4 |
_a658.3124 _222 _bDES |
| 100 | 1 |
_aDeSimone, Randy L. _94230 |
|
| 245 | 1 | 0 |
_aHuman resource development / _cRandy L. DeSimone, Jon M. Werner. |
| 250 | _a6th ed., International ed. | ||
| 260 |
_a[Canberra] : _bSouth-Western / Cengage Learning, _cc.2012. |
||
| 300 |
_axviii, 672 p. : _bill. (some col.) ; _c24 cm. |
||
| 500 | _aGlossary : p. 549-560. | ||
| 500 | _aIncludes indexes. | ||
| 504 | _aIncludes bibliographical references. | ||
| 650 | 7 |
_aEmployees _xTraining of _933927 _2BUEsh |
|
| 650 | 7 |
_aCareer development _94229 _2BUEsh |
|
| 651 | _2BUEsh | ||
| 653 |
_bBUSADM _cOctober2013 _cOctober2014 _cJanuary2018 |
||
| 655 |
_vText book _933728 |
||
| 700 | 1 |
_aWerner, Jon M. _94227 |
|
| 942 |
_2ddc _cBB _k658.3124 DES |
||
| 999 |
_c17602 _d17574 |
||